000 00689nam a2200217Ia 4500
003 IN-BaIIA
008 211028s9999 xx 000 0 eng d
020 _a008-015827-7
040 _cIIA Library
080 _a523.31
_bJOR
100 _aJordan, Pascual
_97378
245 4 _aThe Expanding earth
_bsome consequences of Dirac's gravitation hypothesis
_cPascual Jordan and Arthur Beer
260 _aOxford
_bPergamon Press
_c1971
300 _axv, 202p.
490 _aInternational series of monographs in natural philosophy; v. 37
650 _aAstronomy and Astrophysics Thesaurus
650 _aDirac Cosmology
_97379
650 _aEarth
700 _aBeer, Arthur
_94071
942 _cBK
999 _c4200
_d4200